Emergency medicine Q&A

Why waste time guessing at what you need to know for the emergency medicine board exam? Be prepared for the questions you'll see on exam day by practicing with this board-format question and answer review. Great for ABEM certification and re-certification, this high-yield review for the boards...

Descripción completa

Guardado en:
Detalles Bibliográficos
Formato: Libro
Lenguaje:Undetermined
Publicado: New York,London McGraw-Hill Medical 2006
Materias:
Etiquetas: Agregar Etiqueta
Sin Etiquetas, Sea el primero en etiquetar este registro!
Thư viện lưu trữ: Trung tâm Học liệu Trường Đại học Cần Thơ
LEADER 01058nam a2200205Ia 4500
001 CTU_168402
008 210402s9999 xx 000 0 und d
020 |c 28.99 
082 |a 616.025076 
082 |b E53 
245 0 |a Emergency medicine Q&A 
245 0 |c Joseph Lex ... [et al.] 
260 |a New York,London 
260 |b McGraw-Hill Medical 
260 |c 2006 
520 |a Why waste time guessing at what you need to know for the emergency medicine board exam? Be prepared for the questions you'll see on exam day by practicing with this board-format question and answer review. Great for ABEM certification and re-certification, this high-yield review for the boards is the perfect compliment to Emergency Medicine Written Board Review: Pearls of Wisdom for intense, streamlined review in the days and weeks before your exam. 
650 |a Emergency medicine,Y học cấp cứu 
650 |x Examinations, questions, etc.,Sự kiểm tra, câu hỏi, vv. 
904 |i Năm 
980 |a Trung tâm Học liệu Trường Đại học Cần Thơ